| Tag |
First Indicator |
Second Indicator |
Subfields |
| LEADER |
00000cam a2200000 4500 |
| 001 |
in00000081447 |
| 005 |
20151008052955.0 |
| 008 |
750410s1938 cau b 00000 eng u |
| 010 |
|
|
|a 38012116
|
| 035 |
|
|
|a (OCoLC)01266443
|
| 035 |
|
|
|9 AAH5694AM
|
| 040 |
|
|
|c BWE
|d TXA
|d UtOrBLW
|
| 049 |
|
|
|a TXAM
|c [122985]
|
| 050 |
|
0 |
|a BX3712.A1
|b J3
|
| 082 |
0 |
|
|a 377.35
|
| 092 |
|
|
|a 377.35
|b J17e
|
| 100 |
1 |
|
|a Jacobsen, Jerome Vincent,
|d 1894-
|
| 245 |
1 |
0 |
|a Educational foundations of the Jesuits in sixteenth-century New Spain /
|c by Jerome V. Jacobsen,S.J.
|
| 264 |
|
1 |
|a Berkeley :
|b University of California Press, 1938.
|c [date of publication not identified]
|
| 300 |
|
|
|a xii, 292p :
|b illustrations (including maps, plans) ;
|c 23cm.
|
| 336 |
|
|
|a text
|b txt
|2 rdacontent
|
| 337 |
|
|
|a unmediated
|b n
|2 rdamedia
|
| 338 |
|
|
|a volume
|b nc
|2 rdacarrier
|
| 500 |
|
|
|a Editor's preface signed: Herbert Eugene Bolton.
|
| 504 |
|
|
|a Bibliography: pages 241-249; "Notes" : pages 250-284.
|
| 610 |
2 |
0 |
|a Jesuits
|z Mexico.
|
| 650 |
|
0 |
|a Education
|z Mexico.
|
| 610 |
2 |
0 |
|a Jesuits
|x Education.
|
| 700 |
1 |
|
|a Bolton, Herbert Eugene,
|d 1870-1953.
|
| 999 |
|
|
|a MARS
|
| 999 |
f |
f |
|s 062cc799-1b9e-3b82-80da-d23b61e25de1
|i 727d37b6-6dbf-30d7-9a18-8a3343f8fe3c
|t 0
|
| 952 |
f |
f |
|p normal
|a Texas A&M University
|b College Station
|c Sterling C. Evans Library
|d Evans: Library Stacks
|t 0
|e BX3712.A1 J3
|h Library of Congress classification
|i unmediated -- volume
|m A14800859799
|
| 998 |
f |
f |
|a BX3712.A1 J3
|t 0
|l Evans: Library Stacks
|